| 000 | 00574 a2200205 4500 | ||
|---|---|---|---|
| 005 | 20260406152306.0 | ||
| 008 | 260406b |||||||| |||| 00| 0 eng d | ||
| 020 |
_a9789390727063 _cRs. 950.00 |
||
| 040 | _aMAIN | ||
| 082 |
_a519.5 _bV869B(2) |
||
| 100 | _aVohra, N D | ||
| 245 | _aBusiness statistics: Text and problems with introduction business analytics | ||
| 250 | _a2nd | ||
| 260 |
_bMcGraw Hill Education (India) _c2024 _aNew Delhi |
||
| 300 | _axvi, 755 | ||
| 650 | _aStatistics | ||
| 650 | _aBusiness | ||
| 650 | _aStatistcal Mathematics | ||
| 942 | _cBK | ||
| 999 |
_c396983 _d396983 |
||